00395nam a2200121Ia 4500008004100000245004900041245002400090260000900114650001000123856004800133999001900181952007300200171211s9999 xx 000 0 und d aGod Bless America: Tin Pan Alley Goes to War cKathleen E.R. Smith c2003 xmusic uhttp://down.ebook777.com/062/0813122562.pdf c348650d348650 001040aCLbCLd2017-12-11l0r2017-12-11 00:00:00w2017-12-11yCBE